مختصر شرح الشواهد

محفوظ في:

مؤلفون آخرون: الامام فريد دهرة.

التنسيق: كتاب

اللغة: Undetermined

منشور في: Cairo almitbaeat alkastiliat alzaahira 1880

الوسوم: إضافة وسم

لا توجد وسوم, كن أول من يضع وسما على هذه التسجيلة!

رقم الطلب: (R)P15 AYYN

LEADER 00344nam a2200121Ia 4500
008 240404s9999||||xx |||||||||||||| ||und||
050 4 |a (R)P15 AYYN 
245 1 0 |a مختصر شرح الشواهد 
264 1 |a Cairo  |b almitbaeat alkastiliat alzaahira   |c 1880 
300 |a 399  |c 24 
700 1 |a الامام فريد دهرة. 
942 |2 lcc  |c BK 
999 |c 58012  |d 58012